000 00739cam a22002413a 4500
001 25970
003 PGUSA
005 20140828083546.0
008 080704s2008||||xxu|||||s|||||000 | eng d
040 _aPGUSA
_beng
042 _adc
050 4 _aF106
100 1 _aDarlington, Richard
245 1 2 _aA Full Description of the Great Tornado in Chester County, Pa.
_h[electronic resource] /
_cRichard Darlington
260 _bProject Gutenberg,
_c2008
506 _aPublic domain in the USA.
516 _aElectronic text
653 _aTornadoes -- Pennsylvania -- Chester County
653 _aChester County (Pa.) -- History
830 0 _aProject Gutenberg
_v25970
856 4 0 _uhttp://www.gutenberg.org/ebooks/25970
942 _cEB
999 _c255225
_d255225